Town Football teams - Statistics

General Stats
  • This quiz has been taken 19 times
  • The average score is 7 of 14
Answer Stats
Answer % Correct
Ipswich
80%
Luton
80%
Huddersfield
67%
Northampton
67%
Mansfield
53%
Shrewsbury
53%
Swindon
53%
Yeovil
53%
Cheltenham
47%
Fleetwood
47%
Grimsby
47%
Harrogate
40%
Aldershot
13%
Crawley
13%
No matching quizzes found
Score Distribution
Percent of People with Each Score
Percentile by Number Answered
Your Score History
You have not taken this quiz